2025-2026 Pittsburgh Steelers Roster - Statistics

General Stats
  • This quiz has been taken 79 times
  • The average score is 29 of 51
Answer Stats
Position Name % Correct
Quarterback Aaron Rodgers
100%
Wide Receiver D.K. Metcalf
100%
Running Back Jaylen Warren
98%
Quarterback Will Howard
98%
Wide Receiver Calvin Austin III
96%
Running Back Kenneth Gainwell
96%
Quarterback Mason Rudolph
91%
Running Back Kaleb Johnson
87%
Wide Receiver Roman Wilson
85%
Defensive Lineman Cameron Heyward
83%
Linebacker Payton Wilson
83%
Tight End Connor Heyward
81%
Cornerback Joey Porter Jr.
80%
Linebacker T.J. Watt
78%
Placekicker Chris Boswell
76%
Cornerback Jalen Ramsey
76%
Tight End Jonnu Smith
76%
Tight End Pat Freiermuth
76%
Linebacker Patrick Queen
65%
Offensive Lineman Mason McCormick
63%
Offensive Lineman Troy Fautanu
59%
Offensive Lineman Isaac Seumalo
56%
Wide Receiver Scott Miller
56%
Offensive Lineman Zach Frazier
56%
Wide Receiver Ben Skowronek
54%
Punter Corliss Waitman
54%
Defensive Lineman Derrick Harmon
52%
Safety Kyle Dugger
52%
Linebacker Nick Herbig
52%
Long Snapper Christian Kuntz
48%
Cornerback James Pierre
48%
Wide Receiver Marquez Valdes-Scantling
48%
Defensive Lineman Keeanu Benton
46%
Defensive Lineman Yahya Black
44%
Offensive Lineman Dylan Cook
41%
Linebacker Jack Sawyer
41%
Offensive Lineman Spencer Anderson
41%
Offensive Lineman Andrus Peat
37%
Cornerback Asante Samuel Jr.
37%
Cornerback Brandin Echols
37%
Safety Jabrill Peppers
35%
Linebacker Malik Harrison
33%
Linebacker Cole Holcomb
31%
Safety Chuck Clark
26%
Defensive Lineman Logan Lee
26%
Offensive Lineman Ryan McCollum
19%
Linebacker Jeremiah Moon
17%
Linebacker Carson Bruener
15%
Defensive Lineman Esezi Otomewo
9%
Safety Sebastian Castro
9%
Offensive Lineman Jack Driscoll
4%
No matching quizzes found
Score Distribution
Percent of People with Each Score
Percentile by Number Answered
Your Score History
You have not taken this quiz